| 000 | 00620nam a22001817a 4500 | ||
|---|---|---|---|
| 999 |
_c10693 _d10693 |
||
| 008 | 180917b ||||| |||| 00| 0 eng d | ||
| 020 | _a978-1-305-96572-0 | ||
| 082 |
_22018 _aDC 515.35 _bZ651 |
||
| 100 |
_aZill, Dennis G. _931205 |
||
| 245 |
_aA first course in differential equations with modeling applications / _cDennis G. Zill |
||
| 250 | _aEleventh Edition | ||
| 260 |
_aAustralia : _bCengage Learning, _c©2018 |
||
| 300 |
_ax, 389 pages : _billustrations; _c28 cm. |
||
| 500 | _aIncludes appendix and index. | ||
| 650 |
_aDifferential equations -- Textbooks _931206 |
||
| 365 |
_b10,500 _cPhp |
||
| 942 |
_2ddc _cDC |
||